| 000 | 00806cam a2200253 4500 | ||
|---|---|---|---|
| 999 |
_c20373 _d20373 |
||
| 001 | 2641846 | ||
| 003 | BDDh-ASL | ||
| 005 | 20231015025900.0 | ||
| 008 | 731003s1966 ne b 000 0 eng | ||
| 010 | _a 66009057 | ||
| 040 |
_aDLC _cDLC _dDLC _dBDDh-ASL |
||
| 050 | 0 | 0 |
_aDS38 _b.G58 |
| 082 | 0 | 0 |
_a909.0976 _bGOS |
| 100 | 1 |
_aGoitein, Shelomo Dov, _d1900-1985. |
|
| 245 | 1 | 0 |
_aStudies in Islamic history and institutions/ _cby S. D. Goitein. |
| 260 |
_aLeiden: _bE. J. Brill, _c1966. |
||
| 300 |
_aix, [3], 391 p. _c25 cm. |
||
| 504 | _aBibliography: p. [xi] Bibliographical footnotes. | ||
| 650 | 0 | _aIslam. | |
| 651 | 0 | _aIslamic countries. | |
| 906 |
_a7 _bcbc _corignew _du _eocip _f19 _gy-gencatlg |
||
| 942 |
_2ddc _cBK |
||